000 00777nam a2200253 i 4500
008
020 _a9781446208984 (hbk.)
049 _aMAIN
090 _aH62
_bFLI
100 1 _aFlick, Uwe.
245 1 4 _aThe SAGE handbook of qualitative data analysis /
_cUwe Flick ; Katie Metzler, editor ; Wendy Scott, cover designer.
260 _aLondon :
_bSAGE,
_cc2014
504 _aIncludes bibliographical references.
500 _aIncludes index.
650 0 _aQualitative research.
650 0 _aSocial sciences
_xResearch
_xMethodology.
700 1 _aMetzler, Katie.
700 1 _aScott, Wendy.
907 _a.b10347483
_b07-10-14
_c07-10-14
003
005 20230123122109.0
040 _cNUST
942 _cBOOKS
_kH62
_mFLI
999 _c127732
_d127732